Apuntes de derecho / (Record no. 71700)

MARC details
000 -LEADER
campo de control de longitud fija 00703nam a2200205 i 4500
001 - NÚMERO DE CONTROL
campo de control 71700
003 - IDENTIFICADOR DE NÚMERO DE CONTROL
campo de control ES-MaACL
005 - FECHA Y HORA DE LA ÚLTIMA TRANSACCIÓN
campo de control 20250808082322.0
007 - CAMPO FIJO DE DESCRIPCIÓN FÍSICA--INFORMACIÓN GENERAL
campo de control de longitud fija t|
008 - DATOS DE LONGITUD FIJA--INFORMACIÓN GENERAL
campo de control de longitud fija 040817s1961 sp ||||1| spa d
080 ## - NÚMERO DE LA CLASIFICACIÓN DECIMAL UNIVERSAL
Número de la Clasificación Decimal Universal 347.243(460)
100 1# - ENTRADA PRINCIPAL--NOMBRE DE PERSONA
Nombre de persona Gerona de la Figuera, Luis E.
9 (RLIN) 56488
245 10 - MENCIÓN DEL TÍTULO
Título Apuntes de derecho /
Mención de responsabilidad, etc. Luis E. Gerona de la Figuera.
260 ## - PUBLICACIÓN, DISTRIBUCIÓN, ETC.
Lugar de publicación, distribución, etc. Zaragoza :
Nombre del editor, distribuidor, etc. Caja de Ahorros y Monte de Piedad de Zaragoza, Aragón y Rioja,
Fecha de publicación, distribución, etc. [1961] (
Fabricante Tipo Línea)
300 ## - DESCRIPCIÓN FÍSICA
Extensión 71 p. ;
Dimensiones 18 cm.
650 #4 - PUNTO DE ACCESO ADICIONAL DE MATERIA--TÉRMINO DE MATERIA
Término de materia o nombre geográfico como elemento de entrada Derecho agrario-
Subdivisión geográfica España
9 (RLIN) 11649
710 2# - ENTRADA AGREGADA--NOMBRE DE ENTIDAD CORPORATIVA
Nombre de entidad corporativa o nombre de jurisdicción como elemento de entrada Caja de Ahorros y Monte de Piedad de Zaragoza, Aragón y Rioja.
9 (RLIN) 2326
852 ## - LOCALIZACIÓN
Ubicación ES-MaACL
Número de control de estantería C-20101
Holdings
Estatus retirado Estado de pérdida Estado de daño No para préstamo Biblioteca de origen Biblioteca actual Ubicación en estantería Fecha de adquisición Fuente de adquisición Total de préstamos Signatura topográfica completa Código de barras Visto por última vez Precio de reemplazo Tipo de ítem Koha
        Biblioteca del Ateneo de Madrid Biblioteca del Ateneo de Madrid Galería 17/01/2008     C-20101 1075063 23/02/2023 23/02/2023 Libro impreso